ՀՀ Գիտությունների ազգային ակադեմիայի հիմնարար գիտական գրադարան  =   Fundamental Scientific Library of NAS RA
Normal view MARC view

Entry Personal Name

Number of records used in: 15

001 - CONTROL NUMBER

  • control field: 3971

003 - CONTROL NUMBER IDENTIFIER

  • control field: AM-YEHGA

005 - DATE AND TIME OF LATEST TRANSACTION

  • control field: 20250617070448.0

008 - FIXED-LENGTH DATA ELEMENTS

  • fixed length control field: 100624 a|ac|n|aab||||||||||||a |n|||||||

040 ## - CATALOGING SOURCE

  • Original cataloging agency: AM-YEHGA

100 0# - HEADING--PERSONAL NAME

  • Personal name: Մերուժան,
  • Dates associated with a name: 1940-

400 0# - SEE FROM TRACING--PERSONAL NAME

  • Personal name: Մերուժան
  • Fuller form of name: Հովհաննիսյան, Մերուժան Արտաշեսի,
  • Dates associated with a name: 1940-

400 0# - SEE FROM TRACING--PERSONAL NAME

  • Personal name: Մերուժան

400 0# - SEE FROM TRACING--PERSONAL NAME

  • Personal name: Մերուժան (Մերուժան Արտաշեսի Հովհաննիսյան),
  • Dates associated with a name: 1940-

400 0# - SEE FROM TRACING--PERSONAL NAME

  • Personal name: Մերուժան
  • Fuller form of name: (Մերուժան Արտաշեսի Հովհաննիսյան),
  • Dates associated with a name: 1940-

400 1# - SEE FROM TRACING--PERSONAL NAME

  • Personal name: Հովհաննիսյան, Մերուժան Արտաշեսի,
  • Dates associated with a name: 1940-

400 0# - SEE FROM TRACING--PERSONAL NAME

  • Personal name: Меружан,
  • Dates associated with a name: 1940-

400 0# - SEE FROM TRACING--PERSONAL NAME

  • Personal name: Меружан
  • Fuller form of name: (Ованесян Меружан Арташесович),
  • Dates associated with a name: 1940-

400 0# - SEE FROM TRACING--PERSONAL NAME

  • Personal name: Меружан
  • Fuller form of name: (Меружан Арташесович Ованесян),
  • Dates associated with a name: 1940-

400 0# - SEE FROM TRACING--PERSONAL NAME

  • Personal name: Меружан
  • Fuller form of name: (Меружан Ованесян)
  • Dates associated with a name: 1940-

400 0# - SEE FROM TRACING--PERSONAL NAME

  • Personal name: Meruzhan,
  • Dates associated with a name: 1940-

670 ## - SOURCE DATA FOUND

  • Source citation: Ով ով է. հայեր (կենսագրական հանրագիտարան), 2007 :
  • Information found: հ.2 (Մերուժան (Հովհաննիսյան Մերուժան Արտաշեսի (ծ. 13.6.1940, Վաղարշապատ), բանաստեղծ, խմբագիր)

670 ## - SOURCE DATA FOUND

  • Source citation: Վլադիմիրի բանտում :Վիպակ ըստ եղելությանց, 2003 :
  • Information found: տիտղթ. (Մերուժան (Մերուժան Արտաշեսի Հովհաննիսյան))

670 ## - SOURCE DATA FOUND

  • Source citation: Во Владимирской тюрьме :Повесть о пережитом, 2003 :
  • Information found: т.л. (Меружан (Меружан Арташесович Ованесян))


ՀՀ ԳԱԱ հիմնարար գիտական գրադարան
ՀՀ,Երևան 0019
Մարշալ Բաղրամյան 24/6
հեռախոս:(374-10) 52-47-50
Հետադարձ կապ

All site content, except where otherwise noted, is licensed under a
Creative Commons License